| 000 | 01125 a2200277 4500 | ||
|---|---|---|---|
| 999 |
_c4502 _d4502 |
||
| 020 | _a0375713875 | ||
| 050 | 0 | 0 | _aPR9272.9 NAI 2000 |
| 100 | 1 |
_aNaipaul, V. S. _d1932-2018. _eauthor |
|
| 245 | 1 | 0 |
_aMiguel Street / _cV.S. Naipaul. |
| 250 | _a1st Vintage International ed. | ||
| 264 |
_aNew York : _bHeinemann Publishers, _c2000 |
||
| 300 | _a222p. : | ||
| 500 | _anovel | ||
| 650 | 0 |
_aBoys _xFiction |
|
| 650 | 0 |
_aTrinidad and Tobago _xTrinidad |
|
| 650 | 0 |
_aTrinidad and Tobago _xPort of Spain |
|
| 650 | 0 | _aManners and customs | |
| 650 | 0 | _aCity and town life | |
| 650 | 0 | _aMan-woman relationships | |
| 651 | 0 | _aPort of Spain (Trinidad and Tobago) | |
| 856 | 4 | 2 |
_3Contributor biographical information _uhttp://www.loc.gov/catdir/bios/random054/2002022618.html |
| 856 | 4 | 1 |
_3Sample text _uhttp://www.loc.gov/catdir/samples/random045/2002022618.html |
| 856 | 4 | 2 |
_3Publisher description _uhttp://www.loc.gov/catdir/description/random0413/2002022618.html |
| 942 |
_2lcc _cBK _h9272.9 _iNAI _kPR |
||